<?xml version="1.0" encoding="UTF-8"?>
<collection xmlns="http://www.loc.gov/MARC21/slim">
  <record>
    <leader>00000nam  2200000   4500</leader>
    <controlfield tag="001">INLIS000000000018549</controlfield>
    <controlfield tag="005">20241122015750</controlfield>
    <datafield tag="035" ind1="#" ind2="#">
      <subfield code="a">0010-1124000215</subfield>
    </datafield>
    <controlfield tag="007">ta</controlfield>
    <controlfield tag="008">241122###########################0######</controlfield>
    <datafield tag="245" ind1="#" ind2="#">
      <subfield code="a">PELITA KATULISTIWA /</subfield>
      <subfield code="c">apt. Hesti Trisnianti Burhan, S.Farm., M.Farm</subfield>
    </datafield>
    <datafield tag="260" ind1="#" ind2="#">
      <subfield code="a">Makassar :</subfield>
      <subfield code="b">Puslatbang KMP RI LAN Makassar,</subfield>
      <subfield code="c">2024</subfield>
    </datafield>
    <datafield tag="300" ind1="#" ind2="#">
      <subfield code="a">47 ;</subfield>
      <subfield code="c">30</subfield>
    </datafield>
    <datafield tag="650" ind1="#" ind2="4">
      <subfield code="a">Peningkatan kualitas karya tulis ilmiah mahasiswa</subfield>
    </datafield>
    <datafield tag="700" ind1=" " ind2="#">
      <subfield code="a">apt. Amran Nur, S.Farm., M.Kes (Mentor)</subfield>
    </datafield>
    <datafield tag="700" ind1=" " ind2="#">
      <subfield code="a">Muskamal, S.Sos., M.Si (Coach)</subfield>
    </datafield>
    <datafield tag="520" ind1="#" ind2="#">
      <subfield code="a">Pengelolaan ASN ditujukan untuk menghasilkan ASN yang profesional, sehingga CASN di wajibkan untuk mengikuti LATSAR CASN agar dapat menerapkan core value ASN BerAKHLAK dan manajemen &amp; smart ASN yang diimplementasikan pada aktualisasi rancangan kegiatan pemecahan isu. Salah satu isu dari instansi Universitas Khairun adalah rendahnya kualitas karya tulis ilmiah mahasiswa Prodi Farmasi Fakultas Kedokteran Universitas Khairun, yang secara tidak langsung mempengaruhi menurunnya akreditasi Prodi, Fakultas maupun Universitas Khairun itu sendiri, serta menurunnya kualitas alumni Prodi. Tujuan dari kegiatan aktualisasi ini adalah peserta LATSAR mampun mengimplementasi nilai ASN BerAKHLAK dan Manajemen &amp; smart ASN dalam kegiatan aktualisasi masa habituasi, disertai dengan tujuan pemecahan isu yaitu meningkatkan kualitas karya tulis ilmiah mahasiswa Prodi Farmasi Fakultas Kedokteran Universitas Khairun. Gagasan kreatif pemecahan isu yaitu peningkatan kualitas karya tulis ilmiah mahasiswa (PELITA KATULISTIWA) dengan 6 kegiatan yaitu mensurvei kebutuhan mahasiswa, membuat ebook panduan, membuat infografis dan video tutorial mendeley, melakukan sosialisasi kepada dosen dan mahasiswa, melakukan pelatihan kepada mahasiswa dan diskusi dengan dosen, serta melakukan publikasi hasil kegiatan karya ilmiah. Hasil kegiatan menunjukan bahwa setiap kegiatan disertai dengan tiap tahapan kegiatannya mampu menerapkan 7 nilai ASN BerAKHLAK Berorientasi pelayanan, Akuntabel, Kompeten, Harmonis, Loyal, Adaptif, dan Kolaboratif dengan total nilai ASN BerAKHLAK sebanyak 169 nilai dan mampu mengaplikasikan manajemen &amp; smart ASN dalam kegiatan aktualisasi sebanyak 12 (mencakup keseluruhan 6 kegiatan), serta hasil analisis evaluasi quísioner menunjukan bahwa data sebelum dan sesudah dilakukan pelatihan PELITA KATULISTIWA memiliki nilai data yang berbeda (mengalami peningkatan pengetahuan mahasiswa) yakni data sebelum dilakukan pelatihan menunjukan hasil evaluasi pengetahuan dari 23 jumlah mahasiswa yang menjawab pertanyaan, hanya 4 mahasiswa yang memiliki nilai 60 dan 19 mahasiswa lainnya memiliki nilai &lt;60 (nilai rata-rata 37,4) sedangkan data setelah dilakukan pelatihan menunjukan hasil evaluasi pengetahuan dari 23 jumlah mahasiswa yang menjawab pertanyaan yang sama terdapat 4 mahasiswa yang memiliki nilai &lt;60 dan 19 mahasiswa lainnya memiliki nilai &gt;60 (nilai rata-rata 78,8). Sehingga dapat disimpulkan bahwa kegiatan aktualisasi ini selain mampu menerapkan ke 7 nilai ASN BerAKHLAK, manajemen &amp; smart ASN, juga mampu meningkatkan pengetahuan mahasiswa terkait peningkatan kualitas karya tulis ilmiah mahasiswa.</subfield>
    </datafield>
    <datafield tag="856" ind1="#" ind2="#">
      <subfield code="a">PUSLATBANG KMP LAN RI Makassar</subfield>
    </datafield>
  </record>
</collection>
